[Event "Klaksvík 100 International 2008"]
[Site "Klaksvik FAI"]
[Date "2008.10.15"]
[Round "5.5"]
[White "Semcesen, Daniel"]
[Black "Sammalvuo, Tapani"]
[Result "1/2-1/2"]
[WhiteElo "2402"]
[BlackElo "2464"]
[PlyCount "36"]
[EventDate "2008.10.11"]
[EventType "team"]
[EventRounds "9"]
[EventCountry "FAI"]
[EventCategory "8"]
[Source "lmi"]
[SourceDate "2008.10.11"]

1. d4 Nf6 2. c4 e6 3. Nf3 b6 4. Nc3 Bb4 5. Bg5 Bb7 6. Nd2 h6 7. Bh4 c5 8. d5
Bxc3 9. bxc3 d6 10. e4 e5 11. Bd3 Nbd7 12. Bc2 g5 13. Bg3 Nf8 14. h4 g4 15. h5
N8h7 16. Bh4 Ng5 17. Nf1 Bc8 18. Ng3 Rg8 1/2-1/2

[Event "Klaksvík 100 International 2008"]
[Site "Klaksvik FAI"]
[Date "2008.10.15"]
[Round "6.1"]
[White "Jones, Gawain C B"]
[Black "Sammalvuo, Tapani"]
[Result "1/2-1/2"]
[WhiteElo "2548"]
[BlackElo "2464"]
[PlyCount "54"]
[EventDate "2008.10.11"]
[EventType "team"]
[EventRounds "9"]
[EventCountry "FAI"]
[EventCategory "8"]
[Source "lmi"]
[SourceDate "2008.10.11"]

1. Nf3 Nf6 2. c4 e6 3. Nc3 Bb4 4. g4 d5 5. g5 Ne4 6. Qa4+ Nc6 7. Nxe4 dxe4 8.
Ne5 e3 9. fxe3 Qxg5 10. Nf3 Qf6 11. a3 Be7 12. d4 O-O 13. Qc2 e5 14. d5 Bf5 15.
Qc3 e4 16. Qxf6 Bxf6 17. dxc6 exf3 18. exf3 bxc6 19. e4 Be6 20. Kd1 Bd4 21. Bd3
f5 22. e5 Rab8 23. Kc2 Rb6 24. Rb1 c5 25. Re1 Rfb8 26. b3 Bd7 27. Bd2 Re8
1/2-1/2

[Event "Klaksvík 100 International 2008"]
[Site "Klaksvik FAI"]
[Date "2008.10.15"]
[Round "6.2"]
[White "Poulsen, Martin"]
[Black "Semcesen, Daniel"]
[Result "0-1"]
[WhiteElo "2281"]
[BlackElo "2402"]
[PlyCount "52"]
[EventDate "2008.10.11"]
[EventType "team"]
[EventRounds "9"]
[EventCountry "FAI"]
[EventCategory "8"]
[Source "lmi"]
[SourceDate "2008.10.11"]

1. e4 e5 2. Nf3 Nf6 3. Nc3 Nc6 4. Bb5 Bb4 5. O-O O-O 6. d3 Bxc3 7. bxc3 d6 8.
Bxc6 bxc6 9. Rb1 Be6 10. c4 h6 11. c3 Nd7 12. Nd2 f5 13. exf5 Bxf5 14. Ne4 Bxe4
15. dxe4 Qe7 16. Qg4 Kh8 17. f4 exf4 18. Bxf4 Nf6 19. Qh3 Qxe4 20. Rbe1 Qxc4
21. Rf3 Ng8 22. Ref1 Rf6 23. Bxh6 Rxh6 24. Qd7 Qc5+ 25. Kh1 Qe5 26. g3 Re8 0-1

[Event "Klaksvík 100 International 2008"]
[Site "Klaksvik FAI"]
[Date "2008.10.15"]
[Round "6.3"]
[White "Olsen, Heini"]
[Black "Sulskis, Sarunas"]
[Result "0-1"]
[WhiteElo "2376"]
[BlackElo "2572"]
[PlyCount "74"]
[EventDate "2008.10.11"]
[EventType "team"]
[EventRounds "9"]
[EventCountry "FAI"]
[EventCategory "8"]
[Source "lmi"]
[SourceDate "2008.10.11"]

1. d4 Nf6 2. c4 e6 3. Nf3 b6 4. g3 Ba6 5. Qa4 c5 6. Bg2 Bb7 7. dxc5 bxc5 8. O-O
Be7 9. Nc3 O-O 10. Rd1 d6 11. Bf4 Qb6 12. Rab1 Nbd7 13. Qc2 h6 14. h4 Rfd8 15.
e4 Rac8 16. Qe2 Ba8 17. Rd2 e5 18. Be3 Nxe4 19. Nxe4 Bxe4 20. Re1 Nf6 21. Bh3
Rb8 22. Nh2 d5 23. f3 Bg6 24. cxd5 Nxd5 25. Bf2 Nb4 26. Rxd8+ Qxd8 27. h5 Bxh5
28. Qxe5 Bg5 29. Bf1 Bg6 30. Qxc5 Nd3 31. Bxd3 Qxd3 32. Qxa7 Rxb2 33. Qa8+ Kh7
34. Re8 Bf5 35. g4 Be6 36. Rh8+ Kg6 37. Qg8 Qd2 0-1

[Event "Klaksvík 100 International 2008"]
[Site "Klaksvik FAI"]
[Date "2008.10.15"]
[Round "6.4"]
[White "Grabarczyk, Miroslaw"]
[Black "Berg, Olaf"]
[Result "1-0"]
[WhiteElo "2516"]
[BlackElo "2227"]
[PlyCount "121"]
[EventDate "2008.10.11"]
[EventType "team"]
[EventRounds "9"]
[EventCountry "FAI"]
[EventCategory "8"]
[Source "lmi"]
[SourceDate "2008.10.11"]

1. d4 Nf6 2. c4 e5 3. dxe5 Ng4 4. Nf3 Nc6 5. Bf4 Bb4+ 6. Nbd2 Qe7 7. e3 Ngxe5
8. Nxe5 Nxe5 9. Be2 d6 10. O-O g5 11. Bg3 h5 12. Bxe5 dxe5 13. Ne4 f5 14. a3
Bd6 15. Nxd6+ cxd6 16. c5 dxc5 17. Qd5 Bd7 18. Qxb7 Kf7 19. Rfd1 Be6 20. Qa6
Rad8 21. Bc4 Bxc4 22. Qxc4+ Kg7 23. Rac1 g4 24. Kf1 Rxd1+ 25. Rxd1 Rd8 26. Rd5
Qf7 27. Rxc5 Qxc4+ 28. Rxc4 Rd1+ 29. Ke2 Rh1 30. h3 gxh3 31. gxh3 Rxh3 32. Ra4
Rh1 33. Rxa7+ Kf6 34. Kf3 Rg1 35. b4 h4 36. b5 e4+ 37. Ke2 Ra1 38. b6 h3 39.
Rh7 Rxa3 40. Rxh3 Ra2+ 41. Kf1 Rb2 42. Rh8 Kg7 43. Rb8 Kh7 44. Ke1 Kg7 45. b7
Rb5 46. Kd2 Rb1 47. Kc3 Rb6 48. Kc4 Rb2 49. Kd5 Rb6 50. Ke5 Rb5+ 51. Ke6 Rb2
52. Kxf5 Rxf2+ 53. Kxe4 Rb2 54. Kf4 Rf2+ 55. Ke5 Rb2 56. e4 Rb5+ 57. Kf4 Rb4
58. Kf5 Rb5+ 59. e5 Rb6 60. e6 Rb5+ 61. Ke4 1-0

[Event "Klaksvík 100 International 2008"]
[Site "Klaksvik FAI"]
[Date "2008.10.15"]
[Round "6.5"]
[White "Akesson, Ralf"]
[Black "Lund, Esben"]
[Result "1/2-1/2"]
[WhiteElo "2484"]
[BlackElo "2425"]
[PlyCount "133"]
[EventDate "2008.10.11"]
[EventType "team"]
[EventRounds "9"]
[EventCountry "FAI"]
[EventCategory "8"]
[Source "lmi"]
[SourceDate "2008.10.11"]

1. d4 Nf6 2. c4 e6 3. Nf3 d5 4. Nc3 c6 5. e3 Nbd7 6. Bd3 Bd6 7. O-O O-O 8. e4
dxe4 9. Nxe4 Nxe4 10. Bxe4 h6 11. Bc2 e5 12. Re1 exd4 13. Qxd4 Bc5 14. Qc3 Qb6
15. Be3 Bxe3 16. Rxe3 c5 17. Rae1 Nf6 18. Ne5 Be6 19. Ng6 Rfe8 20. Nf4 Rad8 21.
Nxe6 Rxe6 22. Rxe6 fxe6 23. h3 Rd4 24. Bg6 Kf8 25. b3 Ke7 26. Qf3 Rd6 27. Be4
Qa5 28. Re3 Qxa2 29. Bxb7 Qd2 30. Qg3 Kf7 31. Bf3 Qd4 32. Be2 Rd7 33. Bd3 Qd6
34. Qg6+ Kf8 35. Be2 Qe7 36. Qg3 Qd6 37. Qg6 Qe7 38. Bf3 Qd6 39. g3 Qe7 40. Qc2
Rd4 41. Qe2 Rd6 42. Qe1 Kf7 43. Kg2 Qc7 44. Re5 Nd7 45. Re2 Qb6 46. Qc3 Nf6 47.
Ra2 Rd7 48. Ra3 Rc7 49. Qd2 e5 50. Qe1 Qe6 51. Be4 Qd6 52. Ra2 Qd4 53. Re2 Re7
54. Re3 Kf8 55. Qb1 Nxe4 56. Rxe4 Qd2 57. Re3 Rf7 58. Qg1 Qb2 59. Qe1 Kg8 60.
Kg1 Re7 61. Qd1 Rf7 62. Re2 Qd4 63. Rd2 Qe4 64. Rd5 Qf3 65. Qc2 e4 66. Qd2 Qxb3
67. Rxc5 1/2-1/2

[Event "Klaksvík 100 International 2008"]
[Site "Klaksvik FAI"]
[Date "2008.10.16"]
[Round "7.1"]
[White "Lund, Esben"]
[Black "Jones, Gawain C B"]
[Result "1-0"]
[WhiteElo "2425"]
[BlackElo "2548"]
[PlyCount "131"]
[EventDate "2008.10.11"]
[EventType "team"]
[EventRounds "9"]
[EventCountry "FAI"]
[EventCategory "8"]
[Source "lmi"]
[SourceDate "2008.10.11"]

1. d4 Nf6 2. c4 g6 3. Nc3 Bg7 4. Nf3 O-O 5. Bg5 d6 6. e3 c5 7. d5 a6 8. Qc2 Qa5
9. Nd2 e6 10. a4 exd5 11. cxd5 b5 12. Ra2 b4 13. Nc4 Qc7 14. Bxf6 Bxf6 15. Ne4
Be7 16. Ng3 a5 17. b3 Bb7 18. e4 Bf6 19. Bd3 Bc3+ 20. Kf1 Nd7 21. h4 h5 22. Rh3
Rfe8 23. f4 Bg7 24. e5 dxe5 25. d6 Qd8 26. f5 Qf6 27. Be4 Bxe4 28. Qxe4 Bh6 29.
Rf2 Qg7 30. fxg6 fxg6 31. Qd5+ Kh8 32. Ne4 Bf4 33. Rhf3 Qg8 34. Qxg8+ Rxg8 35.
g3 Bh6 36. Rf7 Rg7 37. Ke2 Ra6 38. R2f3 Ra7 39. Kd3 Rb7 40. Rxg7 Kxg7 41. Nxa5
Ra7 42. Nc6 Ra8 43. Kc4 Rc8 44. Ne7 Rd8 45. Kd5 c4 46. Kxc4 Rb8 47. Kd5 Bc1 48.
Nc6 Re8 49. Nxb4 Ba3 50. Na6 g5 51. Nc7 Rb8 52. hxg5 Rb4 53. Nb5 Bc1 54. Nf6 e4
55. Nxe4 Nb6+ 56. Kc5 Rxe4 57. Kxb6 Bxg5 58. Kc7 Re5 59. d7 Rc5+ 60. Kd6 Rc1
61. Rf5 Bd8 62. Rxh5 Rb1 63. Nd4 Rd1 64. Rd5 Kf6 65. Nc6 Bc7+ 66. Kxc7 1-0

[Event "Klaksvík 100 International 2008"]
[Site "Klaksvik FAI"]
[Date "2008.10.16"]
[Round "7.2"]
[White "Berg, Olaf"]
[Black "Akesson, Ralf"]
[Result "1-0"]
[WhiteElo "2227"]
[BlackElo "2484"]
[PlyCount "51"]
[EventDate "2008.10.11"]
[EventType "team"]
[EventRounds "9"]
[EventCountry "FAI"]
[EventCategory "8"]
[Source "lmi"]
[SourceDate "2008.10.11"]

1. e4 c6 2. d4 d5 3. e5 Bf5 4. g4 Bd7 5. h4 h5 6. g5 Bf5 7. Bd3 Bxd3 8. Qxd3 e6
9. g6 f5 10. Nh3 Be7 11. Nf4 Qd7 12. Qf3 c5 13. Nxh5 Nc6 14. Nxg7+ Kd8 15. dxc5
Bxc5 16. Bg5+ Be7 17. Bf4 Bb4+ 18. c3 Qxg7 19. cxb4 Qxg6 20. Bg5+ Kd7 21. Nc3
Nxe5 22. Qe2 Nc4 23. O-O-O Rc8 24. Nxd5 Ne3+ 25. Nc3+ Nxd1 26. Qb5+ 1-0

[Event "Klaksvík 100 International 2008"]
[Site "Klaksvik FAI"]
[Date "2008.10.16"]
[Round "7.3"]
[White "Sulskis, Sarunas"]
[Black "Grabarczyk, Miroslaw"]
[Result "1/2-1/2"]
[WhiteElo "2572"]
[BlackElo "2516"]
[PlyCount "152"]
[EventDate "2008.10.11"]
[EventType "team"]
[EventRounds "9"]
[EventCountry "FAI"]
[EventCategory "8"]
[Source "lmi"]
[SourceDate "2008.10.11"]

1. e4 e5 2. Nf3 Nf6 3. d4 Nxe4 4. dxe5 d5 5. Nbd2 Be7 6. Nxe4 dxe4 7. Qxd8+
Bxd8 8. Ng5 Nc6 9. Bb5 Bxg5 10. Bxc6+ bxc6 11. Bxg5 h6 12. Bf4 Bg4 13. h3 Bh5
14. g4 Bg6 15. O-O-O Rd8 16. h4 h5 17. Bg5 Rd5 18. Rxd5 cxd5 19. Rd1 c6 20. c4
hxg4 21. cxd5 cxd5 22. Rxd5 O-O 23. Ra5 Rc8+ 24. Kd2 e3+ 25. Kxe3 Rc2 26. b4
Rc3+ 27. Kf4 Rc4+ 28. Kg3 Rxb4 29. Rxa7 Bc2 30. h5 Bd1 31. Bf4 Rd4 32. Ra8+ Kh7
33. Ra7 Kg8 34. a3 Re4 35. Ra8+ Kh7 36. Ra7 Kg8 37. Ra5 Rd4 38. Ra6 Re4 39. Rd6
Be2 40. Rd8+ Kh7 41. Rf8 Ra4 42. Rxf7 Rxa3+ 43. Be3 Kg8 44. Rc7 Ra4 45. e6 Re4
46. e7 Bb5 47. Rc8+ Kh7 48. Bg5 Ba4 49. Rf8 Bd7 50. Rd8 Ba4 51. Rc8 Bd7 52. Rc5
Be8 53. Kh4 Bd7 54. Rc7 Be8 55. Be3 g3+ 56. Kxg3 Bxh5 57. Bc5 Bf7 58. Bd6 Kg6
59. Rc8 Kf6 60. f4 g5 61. Kf3 Re6 62. fxg5+ Kxg5 63. Bc5 Kf5 64. Rf8 Kf6 65.
Kf4 Re2 66. Rh8 Re1 67. Rh6+ Kg7 68. Ra6 Be8 69. Bb4 Re2 70. Kf3 Bh5+ 71. Kg3
Be8 72. Ra3 Re4 73. Bd6 Re6 74. Rd3 Kf7 75. Ba3 Re4 76. Rf3+ Kg6 1/2-1/2

[Event "Klaksvík 100 International 2008"]
[Site "Klaksvik FAI"]
[Date "2008.10.16"]
[Round "7.4"]
[White "Semcesen, Daniel"]
[Black "Olsen, Heini"]
[Result "1-0"]
[WhiteElo "2402"]
[BlackElo "2376"]
[PlyCount "81"]
[EventDate "2008.10.11"]
[EventType "team"]
[EventRounds "9"]
[EventCountry "FAI"]
[EventCategory "8"]
[Source "lmi"]
[SourceDate "2008.10.11"]

1. d4 Nf6 2. Nf3 e6 3. c4 b6 4. Nc3 Bb7 5. a3 d5 6. Bg5 Be7 7. Qa4+ c6 8. Bxf6
Bxf6 9. cxd5 exd5 10. g3 O-O 11. Bg2 Re8 12. O-O Na6 13. b4 Nc7 14. Rfe1 Ne6
15. e3 h5 16. Rad1 h4 17. Qb3 g6 18. Ne5 hxg3 19. hxg3 Qd6 20. Ng4 Bg7 21. b5
Rad8 22. bxc6 Bxc6 23. Qb4 Qb8 24. Qb3 Qb7 25. f4 Re7 26. Ne5 Bxe5 27. fxe5 Ng5
28. Rf1 Qd7 29. Rf6 Kg7 30. Qa2 Rh8 31. Rdf1 Qg4 32. Qf2 Rc7 33. Rf4 Qe6 34. g4
a6 35. Qg3 Bb7 36. Rf6 Qe7 37. e6 fxe6 38. Qe5 Kh6 39. Ne2 Rg8 40. Kf2 Qxf6+
41. Qxf6 1-0

[Event "Klaksvík 100 International 2008"]
[Site "Klaksvik FAI"]
[Date "2008.10.16"]
[Round "7.5"]
[White "Sammalvuo, Tapani"]
[Black "Poulsen, Martin"]
[Result "1-0"]
[WhiteElo "2464"]
[BlackElo "2281"]
[PlyCount "47"]
[EventDate "2008.10.11"]
[EventType "team"]
[EventRounds "9"]
[EventCountry "FAI"]
[EventCategory "8"]
[Source "lmi"]
[SourceDate "2008.10.11"]

1. Nf3 Nf6 2. c4 c5 3. Nc3 d5 4. cxd5 Nxd5 5. d4 Nxc3 6. bxc3 g6 7. Bg5 Bg7 8.
Qd2 Bg4 9. d5 h6 10. Bf4 Qa5 11. Rc1 Nd7 12. e4 Rd8 13. c4 Qa3 14. Be2 e5 15.
Be3 f5 16. exf5 gxf5 17. Nh4 O-O 18. Bxg4 fxg4 19. Bxh6 Bxh6 20. Qxh6 Qb4+ 21.
Kf1 Rf6 22. Ng6 Nf8 23. Qh8+ Kf7 24. Nxe5+ 1-0

[Event "Klaksvík 100 International 2008"]
[Site "Klaksvik FAI"]
[Date "2008.10.17"]
[Round "8.1"]
[White "Jones, Gawain C B"]
[Black "Poulsen, Martin"]
[Result "1-0"]
[WhiteElo "2548"]
[BlackElo "2281"]
[PlyCount "43"]
[EventDate "2008.10.11"]
[EventType "team"]
[EventRounds "9"]
[EventCountry "FAI"]
[EventCategory "8"]
[Source "lmi"]
[SourceDate "2008.10.11"]

1. e4 e6 2. d4 d5 3. Nd2 dxe4 4. Nxe4 Bd7 5. Nf3 Bc6 6. Bd3 Nd7 7. O-O Ngf6 8.
Ng3 Be7 9. Re1 O-O 10. c4 Re8 11. a3 a5 12. b3 Qb8 13. Bb2 b6 14. Ne5 Nxe5 15.
dxe5 Nd7 16. Nh5 Nf8 17. Nf6+ gxf6 18. exf6 Bd6 19. Bxh7+ Kh8 20. Qg4 Ng6 21.
Bxg6 fxg6 22. Qxg6 1-0

[Event "Klaksvík 100 International 2008"]
[Site "Klaksvik FAI"]
[Date "2008.10.17"]
[Round "8.2"]
[White "Olsen, Heini"]
[Black "Sammalvuo, Tapani"]
[Result "1-0"]
[WhiteElo "2376"]
[BlackElo "2464"]
[PlyCount "63"]
[EventDate "2008.10.11"]
[EventType "team"]
[EventRounds "9"]
[EventCountry "FAI"]
[EventCategory "8"]
[Source "lmi"]
[SourceDate "2008.10.11"]

1. Nf3 g6 2. g3 Bg7 3. Bg2 e5 4. e4 c5 5. b4 d5 6. Bb2 dxe4 7. Nxe5 Qd5 8. f4
cxb4 9. c4 Qe6 10. d4 f6 11. Qa4+ Kd8 12. d5 Qe8 13. Qxb4 fxe5 14. c5 Qf7 15.
fxe5 Qxd5 16. Nc3 Qxe5 17. Rd1+ Ke8 18. Nb5 Qxb2 19. Nd6+ Kf8 20. O-O+ Bf5 21.
Qc4 Qf6 22. g4 Nh6 23. gxf5 gxf5 24. Qb5 Nc6 25. Qxb7 Nd4 26. Qxa8+ Ke7 27.
Qxa7+ Ke6 28. Nxe4 Qg6 29. Qb6+ Ke5 30. Qc7+ Kd5 31. Nd6+ Ke5 32. Rde1+ 1-0

[Event "Klaksvík 100 International 2008"]
[Site "Klaksvik FAI"]
[Date "2008.10.17"]
[Round "8.3"]
[White "Grabarczyk, Miroslaw"]
[Black "Semcesen, Daniel"]
[Result "1/2-1/2"]
[WhiteElo "2516"]
[BlackElo "2402"]
[PlyCount "71"]
[EventDate "2008.10.11"]
[EventType "team"]
[EventRounds "9"]
[EventCountry "FAI"]
[EventCategory "8"]
[Source "lmi"]
[SourceDate "2008.10.11"]

1. d4 d5 2. Nf3 Nf6 3. c4 dxc4 4. e3 e6 5. Bxc4 a6 6. O-O b5 7. Be2 Bb7 8. a4
c6 9. Nbd2 Nbd7 10. Nb3 b4 11. Bd2 Ne4 12. Qc2 c5 13. Rac1 cxd4 14. exd4 Nxd2
15. Nfxd2 Be7 16. Bf3 Bxf3 17. Nxf3 O-O 18. Qc7 Nb6 19. a5 Qxc7 20. Rxc7 Nd5
21. Rc2 Rfc8 22. Rfc1 Rxc2 23. Rxc2 Kf8 24. g3 Bd6 25. Rc6 Ke7 26. Ne5 Bc7 27.
Kf1 f6 28. Nd3 Kd7 29. Rc4 Bd6 30. Ke2 h5 31. h3 g5 32. Kd2 Ra7 33. g4 h4 34.
Ke2 Rc7 35. Rxc7+ Nxc7 36. Nd2 1/2-1/2

[Event "Klaksvík 100 International 2008"]
[Site "Klaksvik FAI"]
[Date "2008.10.17"]
[Round "8.4"]
[White "Akesson, Ralf"]
[Black "Sulskis, Sarunas"]
[Result "1/2-1/2"]
[WhiteElo "2484"]
[BlackElo "2572"]
[PlyCount "201"]
[EventDate "2008.10.11"]
[EventType "team"]
[EventRounds "9"]
[EventCountry "FAI"]
[EventCategory "8"]
[Source "lmi"]
[SourceDate "2008.10.11"]

1. d4 Nf6 2. c4 e6 3. Nc3 Bb4 4. e3 b6 5. Bd3 Bb7 6. Nf3 Ne4 7. O-O Bxc3 8.
bxc3 f5 9. Nd2 Qg5 10. f4 Qg6 11. Nxe4 Bxe4 12. Bxe4 fxe4 13. Ba3 Nc6 14. Qa4
Qf5 15. Rab1 Qa5 16. Qb3 Qa6 17. Bb4 b5 18. cxb5 Qxb5 19. Qc2 Qf5 20. Ba3 Kf7
21. c4 Rhb8 22. d5 Ne7 23. Rbd1 Ng8 24. h3 Nf6 25. g4 Qg6 26. g5 Kg8 27. dxe6
dxe6 28. Kh2 Nh5 29. Rd4 Rd8 30. Rfd1 Rxd4 31. Rxd4 e5 32. Qxe4 Qxe4 33. Rxe4
exf4 34. exf4 g6 35. Re7 Rd8 36. Bb4 c5 37. Bxc5 Rd2+ 38. Kg1 Rxa2 39. Bxa7 Rc2
40. Re4 Ng3 41. Re8+ Kf7 42. Rc8 Ne2+ 43. Kf2 Nxf4+ 44. Kf3 Nxh3 45. Be3 Ke6
46. c5 Kd7 47. Rh8 Nxg5+ 48. Bxg5 Rxc5 49. Rxh7+ Ke6 50. Kg4 Ke5 51. Re7+ Kd5
52. Bf4 Rc6 53. Re5+ Kd4 54. Ra5 Rc4 55. Ra6 Rc5 56. Rxg6 Ke4 57. Re6+ Kd4 58.
Be3+ Kd5 59. Kf5 Rb5 60. Bf4 Kd4+ 61. Be5+ Ke3 62. Rc6 Rb3 63. Rd6 Rb4 64. Rd5
Rc4 65. Ra5 Kd3 66. Ra3+ Kc2 67. Ke6 Rc5 68. Kd6 Rb5 69. Rc3+ Kd2 70. Bd4 Rf5
71. Ra3 Ke2 72. Be5 Rf3 73. Ra2+ Kd3 74. Kd5 Ke3 75. Ra4 Kd3 76. Bf4 Kc2 77.
Ke4 Rc3 78. Be3 Kb3 79. Ra6 Kc4 80. Bd4 Rc2 81. Rc6+ Kb3 82. Rb6+ Kc4 83. Be3
Rc3 84. Rd6 Rc2 85. Rd8 Rc3 86. Bd2 Rc2 87. Rd7 Kb5 88. Be3 Kc4 89. Rd8 Rc3 90.
Bd2 Rc2 91. Rd5 Rb2 92. Be3 Rc2 93. Rc5+ Kb3 94. Rb5+ Kc4 95. Rb1 Rc3 96. Rb2
Rb3 97. Rd2 Rc3 98. Rh2 Rd3 99. Rh8 Rc3 100. Rc8+ Kb3 101. Rxc3+ 1/2-1/2

[Event "Klaksvík 100 International 2008"]
[Site "Klaksvik FAI"]
[Date "2008.10.17"]
[Round "8.5"]
[White "Lund, Esben"]
[Black "Berg, Olaf"]
[Result "1/2-1/2"]
[WhiteElo "2425"]
[BlackElo "2227"]
[PlyCount "67"]
[EventDate "2008.10.11"]
[EventType "team"]
[EventRounds "9"]
[EventCountry "FAI"]
[EventCategory "8"]
[Source "lmi"]
[SourceDate "2008.10.11"]

1. d4 d5 2. c4 dxc4 3. Nf3 Nf6 4. e3 e6 5. Bxc4 a6 6. a4 Nbd7 7. O-O Bd6 8. Nc3
O-O 9. e4 e5 10. Bg5 h6 11. Bh4 c6 12. Bg3 Qc7 13. a5 exd4 14. Qxd4 Bxg3 15.
hxg3 c5 16. Qe3 Ne5 17. Nxe5 Qxe5 18. Qf4 Qh5 19. f3 Be6 20. g4 Qg6 21. Bxe6
fxe6 22. Qd6 Qg5 23. Rae1 Rfe8 24. e5 Rad8 25. Qxc5 Nd5 26. Nxd5 Rxd5 27. Qc3
Red8 28. Rf2 Qf4 29. Rfe2 Qg3 30. Qb3 R8d7 31. Qb6 Kf7 32. Qf2 Qxf2+ 33. Kxf2
Rxa5 34. Rc1 1/2-1/2

[Event "Klaksvík 100 International 2008"]
[Site "Klaksvik FAI"]
[Date "2008.10.18"]
[Round "9.1"]
[White "Berg, Olaf"]
[Black "Jones, Gawain C B"]
[Result "0-1"]
[WhiteElo "2227"]
[BlackElo "2548"]
[PlyCount "80"]
[EventDate "2008.10.11"]
[EventType "team"]
[EventRounds "9"]
[EventCountry "FAI"]
[EventCategory "8"]
[Source "lmi"]
[SourceDate "2008.10.11"]

1. e4 c5 2. Nf3 d6 3. Bb5+ Bd7 4. Bxd7+ Qxd7 5. O-O Nf6 6. Re1 Nc6 7. d4 cxd4
8. Nxd4 g6 9. b3 Nxd4 10. Qxd4 Bg7 11. c3 O-O 12. Bb2 e5 13. Qd3 d5 14. exd5
Qxd5 15. Qe2 Nh5 16. c4 Qe6 17. Nc3 Nf4 18. Qf3 Rad8 19. Rad1 Qc6 20. Nd5 Nxd5
21. cxd5 Qd6 22. Qe3 Rfe8 23. Qxa7 Ra8 24. Qxb7 Rxa2 25. Rd2 Bf8 26. Qb5 Qb4
27. Qe2 Qxb3 28. Red1 Bb4 29. Bc3 Rxd2 30. Bxd2 Bd6 31. g3 Qc2 32. Kf1 Rb8 33.
Be3 Qf5 34. Kg2 e4 35. Rc1 h5 36. h4 Rb3 37. Rc6 Be5 38. d6 Rd3 39. f3 Bd4 40.
fxe4 Qxe4+ 0-1

[Event "Klaksvík 100 International 2008"]
[Site "Klaksvik FAI"]
[Date "2008.10.18"]
[Round "9.2"]
[White "Sulskis, Sarunas"]
[Black "Lund, Esben"]
[Result "1/2-1/2"]
[WhiteElo "2572"]
[BlackElo "2425"]
[PlyCount "22"]
[EventDate "2008.10.11"]
[EventType "team"]
[EventRounds "9"]
[EventCountry "FAI"]
[EventCategory "8"]
[Source "lmi"]
[SourceDate "2008.10.11"]

1. Nf3 d5 2. d4 Nf6 3. c4 c6 4. Nc3 e6 5. e3 Nbd7 6. Qc2 Bd6 7. Be2 Qe7 8. a3
b6 9. e4 Nxe4 10. Nxe4 dxe4 11. Qxe4 Bb7 1/2-1/2

[Event "Klaksvík 100 International 2008"]
[Site "Klaksvik FAI"]
[Date "2008.10.18"]
[Round "9.3"]
[White "Semcesen, Daniel"]
[Black "Akesson, Ralf"]
[Result "1/2-1/2"]
[WhiteElo "2402"]
[BlackElo "2484"]
[PlyCount "69"]
[EventDate "2008.10.11"]
[EventType "team"]
[EventRounds "9"]
[EventCountry "FAI"]
[EventCategory "8"]
[Source "lmi"]
[SourceDate "2008.10.11"]

1. d4 e6 2. Nf3 c5 3. c4 cxd4 4. Qxd4 Nc6 5. Qd3 Nf6 6. Nc3 Be7 7. g3 a6 8. Bg2
O-O 9. O-O d6 10. b3 Rb8 11. Nd4 Nxd4 12. Qxd4 b5 13. Bb2 Bb7 14. Rfd1 Bxg2 15.
Kxg2 Qc7 16. cxb5 axb5 17. Rac1 Qb7+ 18. Kg1 Rfc8 19. Nb1 b4 20. Rxc8+ Rxc8 21.
Rc1 Ra8 22. a4 bxa3 23. Bxa3 h5 24. Qc3 Rb8 25. Nd2 Qa6 26. Nc4 Bf8 27. Qa5
Qxa5 28. Nxa5 Ra8 29. Bb4 Ne4 30. f3 Nc5 31. Bxc5 dxc5 32. Nc4 Ra2 33. Kf1 g5
34. Ne5 Ra3 35. Nd7 1/2-1/2

[Event "Klaksvík 100 International 2008"]
[Site "Klaksvik FAI"]
[Date "2008.10.18"]
[Round "9.4"]
[White "Sammalvuo, Tapani"]
[Black "Grabarczyk, Miroslaw"]
[Result "1/2-1/2"]
[WhiteElo "2464"]
[BlackElo "2516"]
[PlyCount "45"]
[EventDate "2008.10.11"]
[EventType "team"]
[EventRounds "9"]
[EventCountry "FAI"]
[EventCategory "8"]
[Source "lmi"]
[SourceDate "2008.10.11"]

1. e4 e5 2. Nf3 Nc6 3. Bb5 a6 4. Ba4 Nf6 5. O-O Be7 6. Re1 b5 7. Bb3 d6 8. c3
O-O 9. h3 Na5 10. Bc2 c5 11. d4 Qc7 12. Nbd2 cxd4 13. cxd4 Nc6 14. Nb3 a5 15.
Be3 a4 16. Nbd2 Bd7 17. Rc1 Rfc8 18. Bd3 Qb7 19. Qe2 Rab8 20. dxe5 Nxe5 21. Bb1
Rxc1 22. Rxc1 Rc8 23. Rxc8+ 1/2-1/2